000 00460nam a2200193 i 4500
001 bgj
100 1 _aBURGESS, Anthony.
245 1 0 _aThe Enemy in the Blanket /
_cAnthony Burgess.
260 _aLondon :
_bHeinemann,
_c1968.
300 _a221 pp ;
_c19 cm.
650 9 _aHistorical fiction
651 9 _aMalaya
651 9 _aMalaya
655 _aFiction
040 _cBPK
041 0 _aeng
942 _cKS
008 s uk f |000 0 eng
999 _c48854
_d48854
856 _uhttp://koha.tu.koszalin.pl/cgi-bin/koha/opac-detail.pl?biblionumber=48854
_yKatalog online BPK